National workshop On agricultural journalism: (Record no. 13801)

MARC details
000 -LEADER
fixed length control field 00391nam a2200133Ia 4500
003 - CONTROL NUMBER IDENTIFIER
control field OSt
082 ## - DEWEY DECIMAL CLASSIFICATION NUMBER
Classification number IR CTI/TRAINING
Item number 1991
245 ## - TITLE STATEMENT
Title National workshop On agricultural journalism:
Remainder of title session papers 13th to 26th November, 1991
260 ## - PUBLICATION, DISTRIBUTION, ETC. (IMPRINT)
Date of publication, distribution, etc 1991
Place of publication, distribution, etc Mannuthy
Name of publisher, distributor, etc Central Training Institute
300 ## - PHYSICAL DESCRIPTION
Extent 65p.
546 ## - LANGUAGE
Language note English
650 ## - SUBJECT ADDED ENTRY--TOPICAL TERM
Topical term or geographic name as entry element Kerala Agricultural University
942 ## - ADDED ENTRY ELEMENTS (KOHA)
Source of classification or shelving scheme Dewey Decimal Classification
Koha item type Report
Holdings
Lost status Source of classification or shelving scheme Damaged status Not for loan Collection code Home library Current library Shelving location Date acquired Total Checkouts Full call number Barcode Date last seen Koha item type
  Dewey Decimal Classification   Not For Loan KAU Publication KAU Central Library, Thrissur KAU Central Library, Thrissur IR 18/03/2014   IR CTI/TRAINING 1991 800138 18/03/2014 Report
Kerala Agricultural University Central Library
Thrissur-(Dt.), Kerala Pin:- 680656, India
Ph : (+91)(487) 2372219
E-mail: librarian@kau.in
Website: http://library.kau.in/